| 000 | 00537nam a2200205Ia 4500 | ||
|---|---|---|---|
| 008 | 131103s9999 xx 000 0 und d | ||
| 040 | _aLoreto College | ||
| 041 | _aEnglish | ||
| 082 |
_a920/KIN _bLCBED/6492 |
||
| 100 | _aKing, Coretta Scott | ||
| 245 |
_aMy life with Marin Luther King ,Fr. _cCoretta Scott King |
||
| 260 |
_aLondon _bHodder _c1954 |
||
| 300 |
_a384p _c 18cm. |
||
| 504 | _aIncludes index | ||
| 630 | _aBiography | ||
| 650 | _aKing, Martin Luther | ||
| 651 | _afr. | ||
| 850 | _aLCBED/920/KIN | ||
| 942 | _cBK | ||
| 999 |
_c30668 _d81147 |
||